LDR 00623nam a2200181 i 4500 001 000000103960 003 CaOOAMICUS 005 20260331112215.0 008 011023s1988 it u000 u ita u 040 $aSeMil$bita 245 10$a5: S-Z. 300 $aXX, P. 1116-1470. 773 0 $aCortelazzo, Manlio$tDizionario etimologico della lingua italiana.$dBologna : Zanichelli, 1979-1988.$g5$w()812 850 $aSeMil 852 $aSeMil$W1$xVenegono$y1$m1P VI 17/5$j269410$B60407$CSeMilBibl$Z2$F44876 $81 961 $aOmaggio: Ciprandi dott. Paolo 996 $6245$a5: S-Z$9(OLS)http://semarc/title/195790